Wettest Cities in Africa - Statistics

General Stats
  • This quiz has been taken 45 times
  • The average score is 12 of 20
Answer Stats
# Rainfall Answer % Correct
16 1482 Kinshasa
94%
15 1506.6 Lagos
89%
20 1394 Brazzaville
86%
1 4624 Monrovia
83%
2 4433 Freetown
78%
12 1541.1 Yaoundé
78%
9 1847.6 Abidjan
75%
3 3784 Conakry
72%
4 3602.7 Douala
69%
13 1520 Bangui
67%
18 1437 Antananarivo
61%
7 2310.9 Port Harcourt
61%
8 2012 Benin City
44%
14 1510 Mbuji-Mayi
44%
19 1402.4 Kumasi
42%
11 1620 Kisangani
33%
6 2747 Aba
22%
17 1443 Kananga
22%
10 1695.4 Enugu
14%
5 2768 Warri
14%
No matching quizzes found
Score Distribution
Percent of People with Each Score
Percentile by Number Answered
Your Score History
You have not taken this quiz